Epistolario / (Record no. 183069)

MARC details
000 -LEADER
campo de control de longitud fija 00744nam a2200229 i 4500
001 - NÚMERO DE CONTROL
campo de control 183069
003 - IDENTIFICADOR DE NÚMERO DE CONTROL
campo de control ES-MaACL
005 - FECHA Y HORA DE LA ÚLTIMA TRANSACCIÓN
campo de control 20231226203933.0
008 - DATOS DE LONGITUD FIJA--INFORMACIÓN GENERAL
campo de control de longitud fija 140114s2013 sp c |||| | spa d
020 ## - NÚMERO INTERNACIONAL ESTÁNDAR DEL LIBRO
Número Internacional Estándar del Libro 978-84-941283-2-5
080 ## - NÚMERO DE LA CLASIFICACIÓN DECIMAL UNIVERSAL
Número de la Clasificación Decimal Universal 821.134.2-14"19"
100 1# - ENTRADA PRINCIPAL--NOMBRE DE PERSONA
Nombre de persona Marín Ibáñez, Luis Angel.
9 (RLIN) 76791
245 10 - MENCIÓN DEL TÍTULO
Título Epistolario /
Mención de responsabilidad, etc. Luís Ángel Marín Ibáñez ; [prólogo de Leopoldo María Panero].
260 ## - PUBLICACIÓN, DISTRIBUCIÓN, ETC.
Lugar de publicación, distribución, etc. [Madrid] :
Nombre del editor, distribuidor, etc. Isidora,
Fecha de publicación, distribución, etc. D.L. 2013.
300 ## - DESCRIPCIÓN FÍSICA
Extensión 79 p. :
Otras características físicas 1 retr. ;
Dimensiones 21 cm.
490 1# - MENCIÓN DE SERIE
Mención de serie Poesía
700 1# - ENTRADA AGREGADA--NOMBRE PERSONAL
Nombre de persona Panero, Leopoldo María,
Fechas asociadas al nombre 1948-2014
9 (RLIN) 88768
830 0# - PUNTO DE ACCESO ADICIONAL DE SERIE-TÍTULO UNIFORME
Título uniforme Poesía
9 (RLIN) 177794
852 ## - LOCALIZACIÓN
Ubicación ES-MaACL
Número de control de estantería A-13020
itemnumber 190003
Sublocalización o colección R.149858
Ubicación en estantería Depósito 1
Signatura antigua Olim: N-6020
942 ## - ELEMENTOS DE ENTRADA SECUNDARIOS (KOHA)
Fuente del sistema de clasificación o colocación Clasificación decimal universal
Tipo de ítem Koha Libro impreso
Holdings
Estatus retirado Estado de pérdida Fuente del sistema de clasificación o colocación Estado de daño No para préstamo Biblioteca de origen Biblioteca actual Ubicación en estantería Fecha de adquisición Fuente de adquisición Total de préstamos Signatura topográfica completa Código de barras Visto por última vez Precio de reemplazo Tipo de ítem Koha
    Clasificación decimal universal     Biblioteca del Ateneo de Madrid Biblioteca del Ateneo de Madrid Depósito 1 14/01/2014 Donación   A-13020 1192408 23/02/2023 23/02/2023 Libro impreso